Bérek, alku és hatékonyság a tanárok munkaeröpiacán.

Otázky mzdového ocenenia profesorov stredných a vysokých škôl v Maďarsku. Požiadavky na mzdové vyrovnanie s ostatnými kategóriami duševne pracujúcich. Mzdové vyjednávanie s odbormi a zamestnávateľmi. Štatistické údaje o mzdovej úrovni profesorov a učiteľov jednotlivých kategórií za I. kvartál 1991,...

Ausführliche Beschreibung

Gespeichert in:
Bibliographische Detailangaben
1. Verfasser: Semjén, A.
Format: Buchkapitel
Sprache:Ungarisch
Schlagworte:
Tags: Tag hinzufügen
Keine Tags, Fügen Sie das erste Tag hinzu!

MARC

LEADER 00000naa a2200000 4500
001 r005852
005 20221125113623.4
041 0 |a hun 
044 |a HU 
245 1 0 |a Bérek, alku és hatékonyság a tanárok munkaeröpiacán.  |c A. Semjén 
520 |a Otázky mzdového ocenenia profesorov stredných a vysokých škôl v Maďarsku. Požiadavky na mzdové vyrovnanie s ostatnými kategóriami duševne pracujúcich. Mzdové vyjednávanie s odbormi a zamestnávateľmi. Štatistické údaje o mzdovej úrovni profesorov a učiteľov jednotlivých kategórií za I. kvartál 1991, porovnanie s inými kategóriami pracujúcich. Porovnanie s inými štátmi: USA, Švédsko. Možnosti diferenciácie miezd vďaka privatizácii školstva. 
610 2 0 |a mzdy 
610 2 0 |a trh práce 
610 2 0 |a učitelia 
610 2 0 |a MR 
610 2 0 |a odbory 
610 2 0 |a údaje štatistické 
610 2 0 |a 1991 
610 2 0 |a školstvo 
610 2 0 |a privatizácia 
100 1 |a Semjén, A.